Stolice Ameryki Południowej - Quiz na mapie - Statystyki

Ogólne statystyki
  • Ten quiz został rozwiązany 28 631 razy
  • Średni wynik to 8 z 13
Odpowiedzi na mapie
Odpowiedzi zakodowano w zielono-czerwonej skali na mapie do tego quizu, zgodnie z poniższymi procentami.
 
Statystyki odpowiedzi
Odpowiedź % Poprawnych
Brasília
90%
Buenos Aires
85%
Bogota
76%
Lima
72%
Santiago
72%
Montevideo
67%
Caracas
61%
La Paz
55%
Quito
55%
Georgetown
53%
Asunción
45%
Sucre
42%
Paramaribo
35%
Nie znaleziono quizów pasujących do podanych kryteriów
Rozkład punktacji
Procent ludzi z każdym wynikiem
Percentyl według liczby udzielonych odpowiedzi
Twoja historia wyników
Nie rozwiązałeś tego quizu